000 00392nam a2200169Ia 4500
008 230524s9999 xx 000 0 und d
020 _a9788184957983
082 _bHIL
100 _aNapoleon Hill
245 0 _aYour Right to be Rich
250 _a1
260 _aMumbai
_bJaico
_c2016
300 _a413p;
500 _aQuantity Number: 1
650 _aMisalliance
_941740
942 _cBK
999 _c56193
_d56193